000 00888nam a2200253Ia 4500
003 OSt
005 20220918165915.0
006 a|||||r|||| 00| 0
007 ta
008 220917b |||||||| |||| 00| 0 eng d
020 _a8178356864 (hbk)
_c890
024 _a236,689
037 _b250, 20/11/2008, Bharatiya Sahitya Bhavana
_cTextual
040 _aARTS
_cARTS
_beng
041 _2eng
_aeng
082 _aY5-73(Q6).211'L, P8
100 _aStephen S. Jeyaseela
_926046
245 0 _aCaste, catholic christianity and the language of conversion
_b Social change and cultural translation in Tamil country, 1519-1774
260 _aDelhi
_bKalpaz Publications India
_c2008
300 _a402p.
_ccm.
650 _aSOCIOLOGY
942 _hY5-73(Q6).211'L, P8
_cTEXL
_2CC
999 _c131651
_d131651